000 00589nam a22001937a 4500
005 20170713163414.0
010 _aENG-119180
020 _a9788175418318
_c995.00
035 _aEN-102712
037 _bDBAD/PUB
082 _a361
245 _aContemporary methods of social work /
_cedited by Gracious Thomas
260 _aDelhi
_bShipra Publications
_c2016
270 _aLG-18-19,Pankaj Central Market,I.P.Ext. Patparganj
_bDelhi
_e110092
300 _axii,191p.
_c23cm(Hb)
500 _aIncludes index
700 _a Thomas,Gracious
942 _2ddc
_cEN
_mCON
_h361
999 _c142557
_d142557